000 00796nam a22002297a 4500
999 _c5719
_d5719
003 AR-CdUCM
008 190313b ||||| |||| 00| 0 spa d
040 _aMUNICIPALIDAD PROVINCIAL DEL CUSCO
_cBIBLIOTECA MUNICIPAL DEL CUSCO
082 _a869.56 /
_bR89
100 _aRozas Izquierdo, Juan Antonio
_917032
245 _aLauros y rosas :
_bAcrósticos líricos, patrióticos y galantes /
260 _aLima :
_c1969.
300 _a207 paginas :
_c21 cm.
500 _aDonación familia Nieto
_aPrólogo de Enrique Nieto de Molina y un acróstico lírico de Francisco Díaz Salorio
505 _aContenido :Acrósticos /
650 _aLiteratura peruana
_9169
650 _aPoesías
_92272
650 _aAcrósticos
_917033
650 _aSiglo XX
_98
942 _2ddc
_cLIBROS
945 _arjall